<?xml version="1.0" encoding="UTF-8"?>
<record
    xmlns:xsi="http://www.w3.org/2001/XMLSchema-instance"
    xsi:schemaLocation="http://www.loc.gov/MARC21/slim http://www.loc.gov/standards/marcxml/schema/MARC21slim.xsd"
    xmlns="http://www.loc.gov/MARC21/slim">

  <leader>01123nam0a2200265   4500</leader>
  <controlfield tag="001">RU\NLR\ONL2\22064</controlfield>
  <controlfield tag="005">20260409002836.0</controlfield>
  <datafield tag="035" ind1=" " ind2=" ">
    <subfield code="a">(NLR Aleph) 009669648</subfield>
  </datafield>
  <datafield tag="090" ind1=" " ind2=" ">
    <subfield code="a">13649465</subfield>
    <subfield code="c">13649465</subfield>
  </datafield>
  <datafield tag="100" ind1=" " ind2=" ">
    <subfield code="a">20091007d1956    u  y0rusy50      ca</subfield>
  </datafield>
  <datafield tag="101" ind1="0" ind2=" ">
    <subfield code="a">aze</subfield>
  </datafield>
  <datafield tag="102" ind1=" " ind2=" ">
    <subfield code="a">AZ</subfield>
  </datafield>
  <datafield tag="105" ind1=" " ind2=" ">
    <subfield code="a">y |||||||||</subfield>
  </datafield>
  <datafield tag="200" ind1="1" ind2=" ">
    <subfield code="a">&#x415;&#x442;&#x438;&#x43B;&#x43B;&#x4D9;&#x43D;&#x43C;&#x438;&#x448; &#x431;&#x435;&#x43D;&#x437;&#x438;&#x43D;&#x438; &#x430;&#x432;&#x442;&#x43E;&#x43C;&#x43E;&#x431;&#x438;&#x43B;&#x43B;&#x4D9; &#x434;&#x430;&#x448;&#x44B;j&#x430;&#x43D; &#x438;&#x448;&#x447;&#x438;&#x43B;&#x4D9;&#x440; &#x4AF;&#x447;&#x4AF;&#x43D; &#x442;&#x4D9;h&#x43B;&#x4AF;&#x43A;&#x4D9;&#x441;&#x438;&#x437;&#x43B;&#x438;&#x43A; &#x442;&#x435;&#x445;&#x43D;&#x438;&#x43A;&#x430;&#x441;&#x44B;&#x43D;&#x430; &#x434;&#x430;&#x438;&#x440; j&#x430;&#x434;&#x434;&#x430;&#x448;</subfield>
    <subfield code="f">&#x421;&#x421;&#x420;&#x418; &#x41D;&#x435;&#x444;&#x442; &#x441;&#x44D;&#x43D;&#x430;j&#x435;&#x441;&#x438; &#x43D;&#x430;&#x437;. &#x423;&#x418;&#x415;&#x422;&#x422;&#x422;&#x418;</subfield>
    <subfield code="g">[&#x442;&#x44D;&#x440;&#x442;. &#x435;&#x434;. &#x41A;. &#x41A;. &#x421;&#x430;&#x432;&#x447;&#x435;&#x43D;&#x43A;&#x43E;]</subfield>
  </datafield>
  <datafield tag="210" ind1=" " ind2=" ">
    <subfield code="a">&#x411;&#x430;&#x43A;&#x44B;</subfield>
    <subfield code="c">&#x410;&#x437;&#x44D;&#x440;&#x43D;&#x435;&#x444;&#x442;&#x43D;&#x44D;&#x448;&#x440;</subfield>
    <subfield code="d">1956</subfield>
  </datafield>
  <datafield tag="215" ind1=" " ind2=" ">
    <subfield code="a">16 &#x441;.</subfield>
    <subfield code="d">13</subfield>
  </datafield>
  <datafield tag="541" ind1="1" ind2=" ">
    <subfield code="a">&#x41F;&#x430;&#x43C;&#x44F;&#x442;&#x43A;&#x430; &#x43F;&#x43E; &#x442;&#x435;&#x445;&#x43D;&#x438;&#x43A;&#x435; &#x431;&#x435;&#x437;&#x43E;&#x43F;&#x430;&#x441;&#x43D;&#x43E;&#x441;&#x442;&#x438; &#x434;&#x43B;&#x44F; &#x440;&#x430;&#x431;&#x43E;&#x442;&#x43D;&#x438;&#x43A;&#x43E;&#x432; &#x43F;&#x43E; &#x43F;&#x435;&#x440;&#x435;&#x432;&#x43E;&#x437;&#x43A;&#x435; &#x44D;&#x442;&#x438;&#x43B;&#x438;&#x440;&#x43E;&#x432;&#x430;&#x43D;&#x43D;&#x43E;&#x433;&#x43E; &#x431;&#x435;&#x43D;&#x437;&#x438;&#x43D;&#x430; &#x43D;&#x430; &#x430;&#x432;&#x442;&#x43E;&#x442;&#x440;&#x430;&#x43D;&#x441;&#x43F;&#x43E;&#x440;&#x442;&#x435;</subfield>
    <subfield code="z">rus</subfield>
  </datafield>
  <datafield tag="702" ind1=" " ind2="1">
    <subfield code="a">&#x421;&#x430;&#x432;&#x447;&#x435;&#x43D;&#x43A;&#x43E;</subfield>
    <subfield code="b">&#x41A;. &#x41A;.</subfield>
    <subfield code="4">220</subfield>
  </datafield>
  <datafield tag="801" ind1=" " ind2="0">
    <subfield code="a">RU</subfield>
    <subfield code="b">NLR</subfield>
    <subfield code="c">20120130</subfield>
    <subfield code="g">PSBO</subfield>
  </datafield>
  <datafield tag="852" ind1=" " ind2=" ">
    <subfield code="a">NLR</subfield>
    <subfield code="b">&#x41E;&#x41D;&#x41B;</subfield>
    <subfield code="j">&#x410;&#x437;&#x435;&#x440;&#x431;./1-1336</subfield>
  </datafield>
  <datafield tag="942" ind1=" " ind2=" ">
    <subfield code="c">BOOK</subfield>
  </datafield>
  <datafield tag="980" ind1=" " ind2=" ">
    <subfield code="a">ONL_RF</subfield>
  </datafield>
  <datafield tag="980" ind1=" " ind2=" ">
    <subfield code="a">NB</subfield>
  </datafield>
</record>
